Management (Record no. 5068)

MARC details
000 -CABECERA
campo de control de longitud fija 01361nam a2200241 u 4500
007 - CAMPO FIJO DE DESCRIPCIÓN FÍSICA--INFORMACIÓN GENERAL
campo de control de longitud fija ta
008 - DATOS DE LONGITUD FIJA--INFORMACIÓN GENERAL
campo de control de longitud fija 250321s2025 xx r 000 0 eng d
020 ## - NÚMERO INTERNACIONAL ESTÁNDAR DEL LIBRO
Número Internacional Estándar del Libro 9781292340883
040 ## - FUENTE DE LA CATALOGACIÓN
Centro/agencia transcriptor tbs
041 0# - CÓDIGO DE LENGUA
Código de lengua del texto/banda sonora o título independiente eng
050 ## - SIGNATURA TOPOGRÁFICA DE LA BIBLIOTECA DEL CONGRESO
Número de clasificación HD31
Número de documento/Ítem R56471 2020
100 ## - ENTRADA PRINCIPAL--NOMBRE DE PERSONA
Nombre de persona Robbins, Stephen P.
9 (RLIN) 20547
Término indicativo de función/relación author
245 10 - MENCIÓN DE TÍTULO
Título Management
Mención de responsabilidad, etc. / Stephen P. Robbins, Mary Coulter.
250 ## - MENCIÓN DE EDICIÓN
Mención de edición Fifteenth edition
260 ## - PUBLICACIÓN, DISTRIBUCIÓN, ETC.
Lugar de publicación, distribución, etc. Harlow :
Nombre del editor, distribuidor, etc. Pearson,
Fecha de publicación, distribución, etc. 2020
300 ## - DESCRIPCIÓN FÍSICA
Extensión 618 pages :
Otras características físicas illustrations (color)
Dimensiones 28 cm.
520 ## - SUMARIO, ETC.
Sumario, etc. REAL managers, REAL experiences.<br/><br/>With a renewed focus on job-relevant skills, the newest edition of this bestselling text helps management and non-management students alike better prepare to enter the workforce. Management, 15th Edition, Global Edition, vividly illustrates effective management theories by incorporating the perspectives of real-life managers. Through examples, cases, and hands-on exercises, students will see and experience management in action—helping them develop the specific skills that employers are looking for and understand how the concepts they’re learning about actually work in today’s dynamic business world.
630 #0 - PUNTO DE ACCESO ADICIONAL DE MATERIA--TÍTULO UNIFORME
Título uniforme B1 Introduction to Business Management (BiM)
9 (RLIN) 26230
650 00 - PUNTO DE ACCESO ADICIONAL DE MATERIA--TÉRMINO DE MATERIA
Término de materia o nombre geográfico como elemento de entrada Business management
9 (RLIN) 223
650 00 - PUNTO DE ACCESO ADICIONAL DE MATERIA--TÉRMINO DE MATERIA
Término de materia o nombre geográfico como elemento de entrada Management
Subdivisión de forma Textbooks
9 (RLIN) 26462
700 ## - ENTRADA AGREGADA--NOMBRE PERSONAL
Nombre de persona Coulter, Mary
Término indicativo de función/relación author
9 (RLIN) 21881
942 ## - ELEMENTOS DE ENTRADA AGREGADA (KOHA)
Fuente del sistema de clasificación o colocación Clasificación de Library of Congress
Holdings
Estado de retiro Estado de pérdida Fuente del sistema de clasificación o colocación Estado dañado No para préstamo Código de colección Biblioteca de origen Biblioteca actual Fecha de adquisición Total de préstamos Signatura topográfica completa Código de barras Fecha visto por última vez Número de copia Precio válido a partir de Tipo de ítem Koha
    Clasificación de Library of Congress     Core Textbooks TBS Barcelona TBS Barcelona 21/10/2025   HD31 ROB B05662 21/10/2025 1 21/10/2025 Book
    Clasificación de Library of Congress     Core Textbooks TBS Barcelona TBS Barcelona 11/11/2025   HD31 ROB B05661 11/11/2025 2 11/11/2025 Book

Powered by Koha